000 00369nam a2200157Ia 4500
008 151213s9999 xx 000 0 und d
082 _a657.45
100 _aI C A B
245 _aBD Statements On Auditing
_cI C A B
260 _aDhaka
_bI C A B
_c2006
300 _a7070 p.
650 _aI C A B Reports
650 _aReference
700 _aI C A B
999 _c3742
_d3742